| 000 | 00348nam a2200133Ia 4500 | ||
|---|---|---|---|
| 008 | 230917s9999||||xx |||||||||||||| ||und|| | ||
| 040 |
_e94559 _aMAIN |
||
| 041 | _aEnglish | ||
| 082 | _a530.41 M111E | ||
| 100 | _aMaan, Anup Singh | ||
| 245 | 0 | _aElectrical & photoelectrical-properties of amorphous semiconductors | |
| 300 | _a105 p. | ||
| 942 | _cTH | ||
| 999 |
_c72917 _d72917 |
||